• 首页
  • 本馆介绍
  • 公告通知
  • 最新文献
  • 馆藏检索
  • 电子资源
  • 读者导购
  • 参考咨询
  • 我的图书馆
  • 登录
  • 详细信息显示
  • 放入我的书架
  • 预约/预借图书
  • 作者相关作品
  • 分类相关作品
  • 丛书相关作品
  • 出版社相关作品

书目信息

  • 表格格式
  • 工作单格式
  • 卡片格式
题名:
帮我记住这世界
    
 
作者: 李霞 主编
分册:  
出版信息: 上海   上海科技教育出版社  2019.8
页数: 183页
开本: 21cm
丛书名:
单 册:
中图分类: R749.1
科图分类:
主题词: 阿尔茨海默病--防治--普及读物
电子资源:
ISBN: 978-7-5428-6748-3
000 01192nam0 2200277 45
001 012001001291
005 20140820162524.0
010    @a978-7-5428-6748-3@dCNY50.00
099    @aCAL 012018189743
100    @a20181206d2018 em y0chiy0110 ea
101 0  @achi
102    @aCN@b310000
105    @aa z 000yy
106    @ar
200 1  @a帮我记住这世界@Abang wo ji zhu zhe shi jie@e临床医生写给认知症家庭的32个小故事@f李霞主编
210    @a上海@c上海科技教育出版社@d2019.8
215    @a183页@c图@d21cm
300    @a其他题名:临床医生写给认知症家庭的32个小故事
314    @a李霞, 上海交通大学医学院附属精神卫生中心老年科主任医师、博士生导师。
330    @a本书是一本介绍认知症的医学普及读物, 通过讲故事的方式, 同时配以生动直观的漫画, 从诊室、病房或各色生活场景切入, 将32个真实案例娓娓道来, 通俗易懂, 不但使读者对认知障碍的病因、临床表现、诊断鉴别、干预治疗和照护等方面有更多了解, 更为认知症患者及其家属、机构护理服务人员提供了极具针对性、实用性的医护普及知识。
517 1  @a临床医生写给认知症家庭的32个小故事
606 0  @a阿尔茨海默病@x防治@j普及读物
690    @aR749.1@v5
701  0 @a李霞@Ali xia@4主编
801    @aCN@bAHXH@c20210922
905    @b1248206-10@dR749.1@e319@f5
    
    帮我记住这世界:临床医生写给认知症家庭的32个小故事/李霞主编.-上海:上海科技教育出版社,2019.8
    183页:图;21cm
    其他题名:临床医生写给认知症家庭的32个小故事
    
    ISBN 978-7-5428-6748-3:CNY50.00
    本书是一本介绍认知症的医学普及读物, 通过讲故事的方式, 同时配以生动直观的漫画, 从诊室、病房或各色生活场景切入, 将32个真实案例娓娓道来, 通俗易懂, 不但使读者对认知障碍的病因、临床表现、诊断鉴别、干预治疗和照护等方面有更多了解, 更为认知症患者及其家属、机构护理服务人员提供了极具针对性、实用性的医护普及知识。
●
相关链接 在E读中查询图书 在五车中查询图书 在当当中查询图书 在豆瓣中查询图书


正题名:帮我记住这世界     索取号:R749.1/319         预约/预借

序号 登录号 条形码 馆藏地/架位号 状态 备注
1 1248206   212482062   第二样本阅览室/ [索取号:R749.1/319] 在馆    
2 1248207   212482071   教育系资料室/ [索取号:R749.1/319] 在馆    
3 1248208   212482080   教育系资料室/ [索取号:R749.1/319] 在馆    
4 1248209   212482099   第三借阅区/ [索取号:R749.1/319] 在馆    
5 1248210   212482106   第三借阅区/ [索取号:R749.1/319] 在馆    
欢迎您!
大连网信软件有限公司© 版权所有